Irrigation and water power engineering / (Record no. 9379)
[ view plain ]
| 000 -LEADER | |
|---|---|
| fixed length control field | 00461cam a2200181ua 4500 |
| 003 - CONTROL NUMBER IDENTIFIER | |
| control field | OSt |
| 008 - FIXED-LENGTH DATA ELEMENTS--GENERAL INFORMATION | |
| fixed length control field | 241111b |||||||| |||| 00| 0 eng d |
| 041 ## - LANGUAGE CODE | |
| Language code of text/sound track or separate title | eng |
| 082 ## - DEWEY DECIMAL CLASSIFICATION NUMBER | |
| Classification number | 631.587 |
| Item number | PUN/IR |
| 100 ## - MAIN ENTRY--AUTHOR NAME | |
| Personal name | Punmia, B C. |
| 245 ## - TITLE STATEMENT | |
| Title | Irrigation and water power engineering / |
| 250 ## - EDITION STATEMENT | |
| Edition statement | 11 / |
| 260 ## - PUBLICATION, DISTRIBUTION, ETC. (IMPRINT) | |
| Place of publication | New Delhi : |
| Name of publisher | Standard publishers Distributors , |
| Year of publication | 1990. |
| 300 ## - PHYSICAL DESCRIPTION | |
| Number of Pages | 891 ; . |
| 500 ## - GENERAL NOTE | |
| General note | *CSS |
| 700 1# - ADDED ENTRY--PERSONAL NAME | |
| Personal name | Lal, Dande B B . |
| 942 ## - ADDED ENTRY ELEMENTS (KOHA) | |
| Koha item type | Books |
| Withdrawn status | Lost status | Damaged status | Home library | Current library | Date acquired | Full call number | Accession Number | Koha item type | Shelving location |
|---|---|---|---|---|---|---|---|---|---|
| KAUAET | 07/04/2012 | 627.52 | 18319 | Books | |||||
| KAUAET | 07/04/2012 | 627.52 | 18262 | Books | |||||
| KAUAET | 07/04/2012 | 627.52 | 18261 | Books | |||||
| KAUAET | KAUAET | 07/04/2012 | 627.52 | 18318 | Books | ||||
| KAUAET | KAUAET | 07/04/2012 | 631.587 PUN/IR | 21162 | Books | Shelf- 13A | |||
| KAUAET | KAUAET | 07/04/2012 | 631.587 PUN/IR | 22095 | Books | Shelf- 13A | |||
| Withdrawn | KAUAET | KAUAET | 25/09/2019 | 627.52 PUN/IR | 18317 | Books | General Stacks |
